| 000 | 00729nam a22002297a 4500 | ||
|---|---|---|---|
| 003 | OSt | ||
| 005 | 20140310181920.0 | ||
| 008 | 130718t xxu||||| |||| 00| 0 eng d | ||
| 050 |
_aHQ 21 _b.M647 1996 |
||
| 082 |
_aTR 613.907 _bM61 1996 |
||
| 100 |
_aMiller, Louise _91543 |
||
| 245 |
_aHealthy sexuality : an abstinence-based curriculum for middle schools _b _cLouise Miller |
||
| 260 |
_aLakewood, Colorado : _bRocky Mountain Center for Health Promotion and Education, _cc1996. |
||
| 300 |
_a58p. ; _c28 cm. |
||
| 521 | _aFaculty | ||
| 541 | _j1 | ||
| 562 | _e1 | ||
| 650 | _2 Sex education. | ||
| 650 | _2 Sex instruction for youth | ||
| 650 | _2Sex instruction for youth. | ||
| 942 |
_2lcc _cBK-TR _kTR |
||
| 999 |
_c6955 _d6955 |
||